Coconuts: Production processing and products (Record no. 24973)

MARC details
000 -LEADER
fixed length control field 00315nam a2200121Ia 4500
082 ## - DEWEY DECIMAL CLASSIFICATION NUMBER
Classification number 634.616
Item number WOO
100 ## - MAIN ENTRY--AUTHOR NAME
Personal name WOODROOF, Jasper Guy
245 #0 - TITLE STATEMENT
Title Coconuts: Production processing and products
260 ## - PUBLICATION, DISTRIBUTION, ETC. (IMPRINT)
Place of publication West Port
Name of publisher Avi
Year of publication 1970
650 ## - SUBJECT ADDED ENTRY--TOPICAL TERM
Topical Term Coconut
942 ## - ADDED ENTRY ELEMENTS (KOHA)
Koha item type Books
Holdings
Withdrawn status Lost status Damaged status Not for loan Home library Current library Date acquired Full call number Accession Number Koha item type
        RRII Library RRII Library 16/12/2021 634.616 WOO 05637 Books